| 000 | 01173cam a22001814a 4500 | ||
|---|---|---|---|
| 005 | 20250605164347.0 | ||
| 008 | 250528s ||||||||||||||||||||||||d | ||
| 035 | _a23941 | ||
| 040 |
_aGR-AtMCL _bgre _dGR-AtMCL _eAACR2 |
||
| 245 | 1 | _aDo the mATH: Λύνοντας την Αθηναϊκή Αεροπορική Εξίσωση | |
| 260 | _c2019 | ||
| 520 | _aΗ Καμπάνια της Frank & Fame για την Ελλάδα, Here's to the Tech-Virgins, Digital-First Επικοινωνία και Kidfluencers Κάνουν Παιχνίδι, Ο Κόσμος των Μαμάδων με Ένα Click, Ευελιξία και Αμεσότητα στη Νέα Εποχή της Εταιρικής Επικοινωνίας, Εξειδίκευση και Φυσικότητα και Έντονο... Buzz στα Digital Media, Επενδύοντας στη Δυναμική μιάς Πλούσιας Έκδοσης, Τι Σκέφτονται οι Έλληνες όταν Ακούνε τον Όρο Δημόσιες Σχέσεις. | ||
| 700 | 1 |
_aΤσακάλος Ντάνος _99354 |
|
| 942 | _cCR | ||
| 710 | 2 |
_aMarketing Week _99824 |
|
| 999 |
_c8854 _d8854 |
||